| 000 | 00641nmm a2200193Ia 4500 | ||
|---|---|---|---|
| 008 | 251105s9999||||xx |||||||||||||||||und|| | ||
| 020 | _a9789587388091 | ||
| 041 | _aspa | ||
| 100 | _aRamírez Arcos, Hugo | ||
| 245 | 0 |
_aLas fuerzas militares del posacuerdo : _b Contribuciones en torno a sus retos y posibilidades |
|
| 264 |
_a[Bogotá, Colombia] : _bUniversidad del Rosario, _c2016 |
||
| 300 | _a284 páginas | ||
| 650 | _aPolitical Science (General) | ||
| 700 | _aRamírez Arcos, Hugo | ||
| 700 | 1 | _a Guevara, Juan David | |
| 700 | 1 | _a Riaño, Juan Felipe | |
| 856 | _uhttps://public.digitaliapublishing.com/a/46577 | ||
| 942 | _cCF | ||
| 999 |
_c70306 _d70306 |
||